000 00731nam a2200289Ia 4500
005 20260324141510.0
008 008 260324s9999 xx 000 0 eng d
020 _a9781315037738
037 _aEBOOK
040 _aCRL
040 _beng
040 _cCRL
041 _2eng
041 _aeng
084 _qCRL
100 _aMilica Zarkovic Bookman
_91208422
245 4 _aThe Demographic Struggle for Power
245 4 _bThe Political Economy of Demographic Engineering in the Modern World
260 _bTaylor and Francis
260 _c1997
365 _a
365 _b300
856 _uhttp://www.taylorfrancis.com/books/9781315037738
942 _cEBOOK
999 _c1811578
_d1811578